000
00240nam a2200097Ia 4500
001
679561
005
20250826161058.0
008
250824s9999 xx 000 0 und d
245
0
_a
HIZLI TOSBİ
_c
İSMET BERTAN
260
_b
GÜNIŞIĞI YAYINLARI
999
_c
679561
_d
679561